000 00433nam a2200169Ia 4500
008 180921t2006 xxu||||| |||| 00| 0 eng d
041 _aeng
080 _a65
_bSIM
100 _aSimon, Richard
245 _aLegacy :John keells and story of Sri lankan business
260 _bHybridmedia
_c2006
300 _a306p., ill., 27 cm
650 _aMarketing
942 _cBK
999 _c15891
_d15891
003 LK-CoDNM
040 _aLK-CoDNM
_dLK-CoDNM
_eLK-CoDNM